[Event "Oviedo op 8th"]
[Site "Oviedo"]
[Date "2022.07.17"]
[Round "1"]
[White "Kondrashov, Ivan V"]
[Black "Redondo Arguelles, Graciela"]
[Result "0-1"]
[WhiteElo "1425"]
[BlackElo "2020"]
[PlyCount "62"]
[EventDate "2022.07.17"]
[EventType "swiss"]
[EventRounds "9"]
[EventCountry "ESP"]
[SourceTitle "CBM 209 Extra"]
[Source "ChessBase"]
[SourceDate "2022.09.30"]
[SourceVersion "1"]
[SourceVersionDate "2022.09.30"]
[SourceQuality "1"]

1. e4 e6 2. g3 d5 3. Bg2 dxe4 4. Bxe4 Nf6 5. Bg2 Bc5 6. Ne2 e5 7. h3 0-0 8. 0-0 Nc6 9. Nbc3 Be6 10. d3 h6 11. a3 a5 12. Be3 Bxe3 13. fxe3 Qd7 14. Kh2 Ne7 15. g4 Bxg4 16. hxg4 Nxg4+ 17. Kh1 Nxe3 18. Qd2 Nxf1 19. Rxf1 Ra6 20. Ne4 Rg6 21. Qxa5 Qg4 22. Rf2 f5 23. Nd2 e4 24. Nf1 Qh4+ 25. Kg1 f4 26. Rxf4 Rxf4 27. Nxf4 Qxf4 28. Qa8+ Kh7 29. Qxb7 exd3 30. cxd3 Nc6 31. Qc8 Qf3 0-1

[Event "Sables d'Olonne op 6th"]
[Site "Sables d'Olonne"]
[Date "2019.07.15"]
[Round "3"]
[White "Redondo Arguelles, Graciela"]
[Black "Duboue, Peio"]
[Result "1/2-1/2"]
[WhiteElo "2043"]
[BlackElo "2409"]
[PlyCount "134"]
[EventDate "2019.07.13"]
[EventType "swiss"]
[EventRounds "9"]
[EventCountry "FRA"]
[SourceTitle "EXT 2020"]
[Source "ChessBase"]
[SourceDate "2019.10.17"]
[SourceVersion "1"]
[SourceVersionDate "2019.10.17"]
[SourceQuality "1"]

1. e4 e5 2. Nf3 Nc6 3. Bb5 Nf6 4. d3 d6 5. c3 Be7 6. 0-0 0-0 7. Re1 a6 8. Ba4 b5 9. Bc2 Bb7 10. Nbd2 d5 11. Nf1 Re8 12. Ng3 Bf8 13. Bg5 dxe4 14. dxe4 Qxd1 15. Raxd1 Be7 16. Nf5 Bd8 17. Nd2 h6 18. Bh4 Nh7 19. Bxd8 Raxd8 20. Nb3 Bc8 21. Ne3 Ng5 22. Nc5 Ne6 23. Nxe6 Bxe6 24. Bb3 Kf8 25. Bxe6 Rxe6 26. Rxd8+ Nxd8 27. Rd1 Rd6 28. Rxd6 cxd6 29. Nf5 Nb7 30. b4 h5 31. Kf1 g6 32. Ne3 Nd8 33. Nd5 Ne6 34. Ke2 Ke8 35. Kd3 Kd7 36. g3 Ng5 37. Ke3 f5 38. f3 fxe4 39. fxe4 Ne6 40. h4 Nd8 41. Kf3 Nc6 42. g4 hxg4+ 43. Kxg4 Ne7 44. Nf6+ Ke6 45. Ne8 d5 46. Kf3 Kd7 47. Nf6+ Kd6 48. Ne8+ Kc6 49. Nf6 Kd6 50. Ne8+ Kd7 51. Nf6+ Ke6 52. Ne8 dxe4+ 53. Kxe4 Nf5 54. Nc7+ Kd6 55. Nxa6 Nxh4 56. Nc5 g5 57. Nd3 Ng6 58. Kf5 Ne7+ 59. Kxg5 Nd5 60. Kf5 Nxc3 61. Nxe5 Kd5 62. Nd7 Kc4 63. a3 Kb3 64. Ne5 Kxa3 65. Nc6 Nd5 66. Nd4 Kxb4 67. Nxb5 Kxb5 1/2-1/2

[Event "Sables d'Olonne op 6th"]
[Site "Sables d'Olonne"]
[Date "2019.07.14"]
[Round "2"]
[White "Frick, Christoph"]
[Black "Redondo Arguelles, Graciela"]
[Result "0-1"]
[WhiteElo "2134"]
[BlackElo "2043"]
[PlyCount "120"]
[EventDate "2019.07.13"]
[EventType "swiss"]
[EventRounds "9"]
[EventCountry "FRA"]
[SourceTitle "EXT 2020"]
[Source "ChessBase"]
[SourceDate "2019.10.17"]
[SourceVersion "1"]
[SourceVersionDate "2019.10.17"]
[SourceQuality "1"]

1. d4 d5 2. Bf4 Nf6 3. e3 c5 4. Nc3 a6 5. Nf3 e6 6. Be2 Nc6 7. 0-0 Bd6 8. Bg3 0-0 9. Ne5 Qc7 10. Nxc6 Qxc6 11. Bf3 cxd4 12. Bxd6 Qxd6 13. exd4 Qb4 14. Rb1 Bd7 15. Re1 Rac8 16. a3 Qd6 17. Qd2 Rc7 18. Re5 Rfc8 19. Rbe1 b5 20. Rg5 g6 21. Be2 b4 22. axb4 Qxb4 23. Bxa6 Ra8 24. Qf4 Rxc3 25. bxc3 Qxc3 26. Rb1 Ne4 27. Bd3 Ra1 28. Qb8+ Kg7 29. h4 Nxg5 30. hxg5 Rxb1+ 31. Qxb1 Qxd4 32. Qb7 Ba4 33. Qe7 Qa1+ 34. Kh2 Qe5+ 35. Kg1 d4 36. Kf1 Bc6 37. f3 Qf4 38. Kf2 Bd5 39. Qd8 h6 40. gxh6+ Qxh6 41. Qd6 Qg5 42. Qd7 Qf4 43. Kg1 g5 44. Qd8 Qc1+ 45. Kh2 Qd2 46. Qd6 Qf4+ 47. Qxf4 gxf4 48. g3 fxg3+ 49. Kxg3 e5 50. Kg4 Kf6 51. Kg3 Kg5 52. Be2 Be6 53. Bb5 Bd5 54. Ba4 Bc4 55. Be8 f6 56. Bc6 Be2 57. Be4 f5 58. Bd3 Bxd3 59. cxd3 Kh5 60. Kh3 e4 0-1

[Event "ESP-ch (Women)"]
[Site "Linares"]
[Date "2017.08.25"]
[Round "7"]
[White "Gil Quilez, Sonia"]
[Black "Redondo Arguelles, Graciela"]
[Result "1/2-1/2"]
[WhiteElo "2057"]
[BlackElo "1997"]
[PlyCount "65"]
[EventDate "2017.08.21"]
[EventType "swiss"]
[EventRounds "9"]
[EventCountry "ESP"]
[SourceTitle "CBM 180 Extra"]
[Source "ChessBase"]
[SourceDate "2017.10.06"]
[SourceVersion "1"]
[SourceVersionDate "2017.10.06"]
[SourceQuality "1"]

1. d4 d5 2. Nf3 Nf6 3. c4 e6 4. Nc3 Be7 5. Bg5 Nbd7 6. e3 c6 7. Qc2 0-0 8. Bd3 dxc4 9. Bxc4 Nd5 10. Bxe7 Qxe7 11. a3 N7f6 12. Bd3 h6 13. 0-0 Nxc3 14. Qxc3 Bd7 15. Ne5 Rfd8 16. Rfc1 Be8 17. f4 Rac8 18. b4 Qd6 19. Qc5 b6 20. Qxd6 Rxd6 21. Ra2 Nd5 22. Kf2 Ne7 23. Rac2 f6 24. Nf3 g5 25. g3 Kg7 26. h3 Rcd8 27. Be4 Nd5 28. Nd2 Ne7 29. Kf3 Bh5+ 30. Kf2 Be8 31. Kf3 Bh5+ 32. Kf2 Be8 33. Kf3 1/2-1/2

[Event "Figueira da Foz op 10th"]
[Site "Figueira da Foz"]
[Date "2016.11.03"]
[Round "6"]
[White "Redondo Arguelles, Graciela"]
[Black "Marcal, Armando Paulo Gomes"]
[Result "1-0"]
[WhiteElo "2029"]
[BlackElo "1769"]
[PlyCount "68"]
[EventDate "2016.10.30"]
[EventType "swiss"]
[EventRounds "9"]
[EventCountry "POR"]
[SourceTitle "CBM 175 Extra"]
[Source "ChessBase"]
[SourceDate "2016.12.12"]
[SourceVersion "1"]
[SourceVersionDate "2016.12.12"]
[SourceQuality "1"]

1. e4 e6 2. d4 d5 3. exd5 exd5 4. Bd3 Bd6 5. Nc3 c6 6. Nge2 Bg4 7. Be3 Nd7 8. Qd2 Nf8 9. 0-0-0 Ne6 10. h3 Bxe2 11. Nxe2 Ne7 12. g4 0-0 13. f4 f5 14. Rdg1 Qc7 15. Kb1 c5 16. gxf5 Nxf5 17. Bxf5 Rxf5 18. Ng3 Rf7 19. f5 Nxd4 20. Bxd4 cxd4 21. Ne2 Rc8 22. Nxd4 Be5 23. c3 Qb6 24. Rg4 Bxd4 25. Rxd4 Rxf5 26. Rb4 Qc6 27. Qd4 Rcf8 28. a4 Qg6 29. Ka2 Qa6 30. Rg1 R8f7 31. Qc5 b6 32. Qd6 Qb7 33. Rbg4 a6 34. Qd8+ Rf8 1-0

[Event "ESP-ch Autonomicas"]
[Site "Gijon"]
[Date "2011.04.30"]
[Round "3.5"]
[White "Redondo Arguelles, Graciela"]
[Black "Chueca Forcen, Alberto"]
[Result "0-1"]
[WhiteElo "2071"]
[BlackElo "2289"]
[PlyCount "124"]
[EventDate "2011.04.29"]
[EventType "team-swiss"]
[EventRounds "6"]
[EventCountry "ESP"]
[SourceTitle "CBM 142 Extra"]
[Source "ChessBase"]
[SourceDate "2011.06.27"]
[SourceVersion "1"]
[SourceVersionDate "2011.06.27"]
[SourceQuality "1"]
[WhiteTeam "Galicia"]
[BlackTeam "Aragon"]
[WhiteTeamCountry "ESP"]
[BlackTeamCountry "ESP"]

1. e4 Nf6 2. d3 d5 3. Nd2 e5 4. Ngf3 Nc6 5. Be2 Bc5 6. 0-0 0-0 7. c3 Re8 8. b4 Bf8 9. a3 Bg4 10. Re1 Qd7 11. h3 Bh5 12. Nh2 Bg6 13. Ng4 Nxg4 14. Bxg4 Qd6 15. h4 h6 16. Qf3 Rad8 17. Nf1 dxe4 18. dxe4 Qd3 19. Bb2 Qxf3 20. Bxf3 f6 21. Rad1 Ne7 22. Ne3 Bf7 23. Rxd8 Rxd8 24. Rd1 Rb8 25. Be2 Be6 26. c4 c6 27. Bg4 Kf7 28. Kf1 g6 29. Ke2 h5 30. Bxe6+ Kxe6 31. c5 Ng8 32. Nc4 Nh6 33. Bc3 Nf7 34. Rd3 Be7 35. Rg3 g5 36. hxg5 fxg5 37. Rh3 h4 38. Ne3 a5 39. Ng4 axb4 40. axb4 b6 41. cxb6 Rxb6 42. Rf3 Bxb4 43. Bxb4 Rxb4 44. Rf6+ Ke7 45. Rxc6 Rxe4+ 46. Ne3 Nd6 47. f3 Ra4 48. Nd5+ Ke6 49. Nc7+ Kd7 50. Rc2 Nf5 51. Kf2 Nd4 52. Rc1 Ra2+ 53. Kf1 Ra5 54. Rc3 Nc6 55. Ne8 Ra1+ 56. Kf2 Ra2+ 57. Kf1 Nd4 58. Nf6+ Ke6 59. Ng4 Kf5 60. Re3 Kf4 61. Re1 Kg3 62. Ne3 h3 0-1

[Event "Figueira da Foz op 7th"]
[Site "Figueira da Foz"]
[Date "2010.11.01"]
[Round "2.9"]
[White "Cubas, Jose Fernando"]
[Black "Redondo Arguelles, Graciela"]
[Result "1-0"]
[WhiteElo "2463"]
[BlackElo "2103"]
[PlyCount "79"]
[EventDate "2010.10.31"]
[EventType "swiss"]
[EventRounds "9"]
[EventCountry "POR"]
[SourceTitle "EXT 2011"]
[Source "ChessBase"]
[SourceDate "2010.11.26"]
[SourceVersion "1"]
[SourceVersionDate "2010.11.26"]
[SourceQuality "1"]

1. e4 e6 2. d4 d5 3. e5 c5 4. c3 Qb6 5. Nf3 Nc6 6. a3 cxd4 7. cxd4 Nge7 8. Nc3 Nf5 9. Na4 Qd8 10. Be3 Be7 11. Bd3 f6 12. Bxf5 exf5 13. 0-0 0-0 14. Re1 Re8 15. Qd2 Na5 16. exf6 Bxf6 17. Rad1 Nc4 18. Qc1 Bd7 19. Nc3 Bc6 20. Bg5 Bxg5 21. Rxe8+ Qxe8 22. Nxg5 Qf8 23. Re1 Re8 24. h4 h6 25. Rxe8 Qxe8 26. Nf3 Qe7 27. Qc2 Nd6 28. Ne2 Qe4 29. Qd1 Nc4 30. Ng3 Qe6 31. Qc1 Ba4 32. h5 Qf7 33. Qf4 Bd1 34. Nh4 Bxh5 35. Ngxf5 Bd1 36. b3 Bxb3 37. Qg3 Qf6 38. Qxb3 g6 39. Nxg6 Kh7 40. Nge7 1-0

[Event "ESP-chT Autonomicas 5th"]
[Site "Tossa de Mar"]
[Date "2010.04.30"]
[Round "2.16"]
[White "Llaneza Vega, Patricia"]
[Black "Redondo Arguelles, Graciela"]
[Result "0-1"]
[WhiteElo "2277"]
[BlackElo "2078"]
[PlyCount "116"]
[EventDate "2010.04.29"]
[EventType "team-swiss"]
[EventRounds "6"]
[EventCountry "ESP"]
[SourceTitle "CBM 136 Extra"]
[Source "ChessBase"]
[SourceDate "2010.07.02"]
[SourceVersion "2"]
[SourceVersionDate "2010.07.15"]
[SourceQuality "1"]
[WhiteTeam "Catalunya"]
[BlackTeam "Galicia"]
[WhiteTeamCountry "ESP"]
[BlackTeamCountry "ESP"]

1. e4 e6 2. d4 d5 3. Nc3 Nf6 4. Bg5 dxe4 5. Nxe4 Be7 6. Bxf6 Bxf6 7. Nf3 Nd7 8. Qd2 0-0 9. 0-0-0 b6 10. h4 Bb7 11. Bd3 Be7 12. Neg5 Nf6 13. Ne5 c5 14. Bc4 Qxd4 15. Qe2 Qf4+ 16. Kb1 Bd5 17. Bxd5 exd5 18. g3 Qf5 19. g4 Qf4 20. Nexf7 Rxf7 21. Nxf7 Kxf7 22. g5 Qe4 23. Qb5 Ne8 24. Rhe1 Qf5 25. Qe2 Bd6 26. Qh5+ Kf8 27. Rd3 Nc7 28. Rf3 Bf4 29. Rd3 Re8 30. Rxe8+ Nxe8 31. Qd1 Nc7 32. a3 Qe4 33. Qg4 Ne6 34. Rd1 Ke7 35. Qg1 Be5 36. Re1 Qd4 37. c3 Qd3+ 38. Ka1 Kd6 39. Qg4 g6 40. Rd1 Qc2 41. Qf3 Nf4 42. Re1 Qd3 43. Re3 Qf1+ 44. Ka2 Qg2 45. Qg3 Qxg3 46. fxg3 Ne6 47. Kb3 d4 48. cxd4 Nxd4+ 49. Kc4 b5+ 50. Kd3 Nf5 51. Rf3 Bxg3 52. h5 Bh4 53. hxg6 hxg6 54. a4 a6 55. axb5 axb5 56. Rf4 Bg3 57. Rf3 Ke5 58. b3 Bf4 0-1

[Event "ESP-chT Autonomicas 5th"]
[Site "Tossa de Mar"]
[Date "2010.04.30"]
[Round "3.36"]
[White "Redondo Arguelles, Graciela"]
[Black "Garcia Vicente, Nieves"]
[Result "0-1"]
[WhiteElo "2078"]
[BlackElo "2209"]
[PlyCount "92"]
[EventDate "2010.04.29"]
[EventType "team-swiss"]
[EventRounds "6"]
[EventCountry "ESP"]
[SourceTitle "CBM 136 Extra"]
[Source "ChessBase"]
[SourceDate "2010.07.02"]
[SourceVersion "2"]
[SourceVersionDate "2010.07.15"]
[SourceQuality "1"]
[WhiteTeam "Galicia"]
[BlackTeam "Aragon"]
[WhiteTeamCountry "ESP"]
[BlackTeamCountry "ESP"]

1. e4 e5 2. Nf3 Nc6 3. Bb5 Nf6 4. d3 Bc5 5. 0-0 Nd4 6. Nxd4 Bxd4 7. c3 Bb6 8. Bg5 h6 9. Bh4 c6 10. Ba4 g5 11. Bg3 d6 12. Kh1 Be6 13. Bc2 h5 14. f3 h4 15. Be1 Nh5 16. d4 Qf6 17. Kg1 exd4 18. Bf2 Nf4 19. Re1 h3 20. Bxd4 Nxg2 21. Rf1 Bxd4+ 22. Qxd4 Qxd4+ 23. cxd4 0-0-0 24. Nc3 Ne3 25. Rf2 Rhg8 26. Bb3 Bxb3 27. axb3 Kb8 28. Re1 Ng2 29. Rd1 Rg6 30. d5 c5 31. Ne2 Re8 32. Ng3 Nf4 33. Kh1 a5 34. Nf5 b6 35. Ne3 Kc7 36. Rfd2 Nh5 37. Rg1 Nf6 38. Rg3 g4 39. Rf2 gxf3 40. Rgxf3 Rxe4 41. Rxh3 Kd7 42. Rhf3 Ke8 43. Rf1 b5 44. R1f2 Nd7 45. Nf1 Ne5 46. Rd2 Nxf3 0-1

[Event "Figueira da Foz op 6th"]
[Site "Figueira da Foz"]
[Date "2009.12.04"]
[Round "7"]
[White "Bolhari, Orfeh Iraj"]
[Black "Redondo Arguelles, Graciela"]
[Result "1-0"]
[WhiteElo "2146"]
[BlackElo "2062"]
[PlyCount "77"]
[EventDate "2009.11.27"]
[EventType "swiss"]
[EventRounds "9"]
[EventCountry "POR"]
[SourceTitle "CBM 133 Extra"]
[Source "ChessBase"]
[SourceDate "2010.01.05"]
[SourceVersion "1"]
[SourceVersionDate "2010.01.05"]
[SourceQuality "1"]

1. e4 e6 2. d4 d5 3. exd5 exd5 4. Bd3 Bd6 5. Nf3 Ne7 6. Nc3 Bg4 7. Nb5 Nbc6 8. c3 Qd7 9. 0-0 0-0-0 10. Bg5 f6 11. Nxd6+ Qxd6 12. Bh4 h5 13. Bg3 Qd7 14. h3 h4 15. Bh2 Bh5 16. Be2 g5 17. Ne1 Bxe2 18. Qxe2 Rhg8 19. Nd3 b6 20. f3 Nf5 21. Rfe1 Rde8 22. Qf2 Nd6 23. a4 Rxe1+ 24. Rxe1 Re8 25. Ra1 Qe6 26. Re1 Qd7 27. Bxd6 Rxe1+ 28. Qxe1 Qxd6 29. b4 Kd7 30. f4 Qe6 31. b5 Nb8 32. fxg5 Qf5 33. gxf6 Qxf6 34. Ne5+ Kd6 35. Nf3 Qf4 36. Nxh4 Nd7 37. Ng6 Qf6 38. Qg3+ Ke6 39. Nf4+ 1-0

[Event "Figueira da Foz op 6th"]
[Site "Figueira da Foz"]
[Date "2009.12.03"]
[Round "6"]
[White "Paunovic, Dragan"]
[Black "Redondo Arguelles, Graciela"]
[Result "1-0"]
[WhiteElo "2533"]
[BlackElo "2062"]
[PlyCount "53"]
[EventDate "2009.11.27"]
[EventType "swiss"]
[EventRounds "9"]
[EventCountry "POR"]
[SourceTitle "CBM 133 Extra"]
[Source "ChessBase"]
[SourceDate "2010.01.05"]
[SourceVersion "1"]
[SourceVersionDate "2010.01.05"]
[SourceQuality "1"]

1. d4 d6 2. e4 Nf6 3. Nc3 Nbd7 4. Nf3 e5 5. Bc4 Be7 6. 0-0 0-0 7. a4 h6 8. Re1 c6 9. h3 Nh7 10. d5 c5 11. a5 a6 12. Bd3 b5 13. axb6 Nxb6 14. Na4 Bd7 15. Nxb6 Qxb6 16. Nd2 f5 17. Nc4 Qb7 18. Na5 Qc7 19. Nc6 Bh4 20. exf5 Bxf5 21. Be3 Qf7 22. Bxf5 Qxf5 23. Rf1 Rf7 24. Qe2 Qe4 25. Rxa6 Rxa6 26. Qxa6 Qxd5 27. Qa8+ 1-0